El avance de la insignificancia

Guardat en:
Dades bibliogràfiques
Autor principal: Castoriadis, C.
Format: Text
Publicat: Buenos Aires: EUDEBA
Matèries:
Etiquetes: Afegir etiqueta
Sense etiquetes, Sigues el primer a etiquetar aquest registre!

MARC

LEADER 00000 a a2200000 04500
001 37714
003
040
020 |a 950-23-0635-X  
090 |a 0007 C354a  
100 |a Castoriadis, C.  
245 |a El avance de la insignificancia  
260 |a Buenos Aires:   |b EUDEBA  
300 |a 295 p.  
650 |a ANALISIS HISTORICO  
650 |a ASPECTOS POLITICOS  
650 |a ASPECTOS SOCIALES  
650 |a TEORIA  
650 |a CRISIS  
650 |a ETICA  
999 |c 14753  |d 14753